Cristo en la senda judía / (Registro nro. 15380)
[ vista simple ]
| 000 -LEADER | |
|---|---|
| fixed length control field | 02168nam a22002417a 4500 |
| 003 - CONTROL NUMBER IDENTIFIER | |
| control field | OSt |
| 005 - DATE AND TIME OF LATEST TRANSACTION | |
| control field | 20210315131028.0 |
| 008 - FIXED-LENGTH DATA ELEMENTS--GENERAL INFORMATION | |
| fixed length control field | 210315s2013 ck ||||gr|||| 00| 0 spa d |
| 040 ## - CATALOGING SOURCE | |
| Original cataloging agency | CO-JMCR |
| Transcribing agency | CO-JMCR |
| 041 0# - LANGUAGE CODE | |
| Language code of text/sound track or separate title | spa |
| 082 04 - DEWEY DECIMAL CLASSIFICATION NUMBER | |
| Classification number | 922.4 / |
| Item number | W968c |
| Edition number | 23 |
| 100 1# - MAIN ENTRY--PERSONAL NAME | |
| Personal name | Wurmbrand, Richard, |
| Relator term | autor |
| 9 (RLIN) | 36102 |
| 245 10 - TITLE STATEMENT | |
| Title | Cristo en la senda judía / |
| Statement of responsibility, etc. | Richard Wurmbrand |
| 260 ## - PUBLICATION, DISTRIBUTION, ETC. | |
| Place of publication, distribution, etc. | [Colombia] : |
| Name of publisher, distributor, etc. | [sn], |
| Date of publication, distribution, etc. | 2013 |
| 300 ## - PHYSICAL DESCRIPTION | |
| Extent | 252 páginas ; |
| Dimensions | 17 cm. |
| 505 0# - FORMATTED CONTENTS NOTE | |
| Formatted contents note | Yo me establecí en el camino -- Judíos que fueron testigos de Cristo -- Argumentos para la resurrección -- Período del fascismo -- Añadiendo a la iglesia -- Conversaciones son sionistas y otros judíos -- Nuestra actitud ante el comunismo |
| 520 3# - SUMMARY, ETC. | |
| Summary, etc. | Algunas de las personas se beneficiaron del capitalismo; otros sienten que ellos son explotados por el sistema capitalista y les gustaría verlo derrocado. Nadie negaría que los judíos fueron instrumentos en un punto temprano en la fundación de este sistema, y que ellos aún juegan un rol altamente importante en la vida económica, y financiera, fuera de toda su proporción numérica. Si usted se siente atraído o repelido por el capitalismo, su actitud en gran magnitud será determinada por los judíos, a quienes ustedes probablemente nunca habrán visto cara a cara, como personas casi siempre anónimas que tienen el decir final en el mundo capitalista. El comunismo puede ser para usted una fuente de gozo o de sufrimiento; esto se deriva del judío Marx y de una multitud de judíos campeones de esta idea, sin quienes en la revolución en el Este habría sido imposible. El destino del granjero en Vietnam quien nuca ha visto a un judío en su vida, sería, en último recurso, dependiendo si él lee el libro sobre e judío Jesús o el libro sobre el judío Marx. Cualesquiera que triunfe de la civilización cristiana o del mundo marxista, ambos están estrechamente ligados con un nombre judío. |
| 600 ## - SUBJECT ADDED ENTRY--PERSONAL NAME | |
| Personal name | Wurmbrand, Richard, |
| Dates associated with a name | 1909-2001 |
| Form subdivision | Cristianismo |
| General subdivision | Biografía |
| 9 (RLIN) | 36103 |
| 650 14 - SUBJECT ADDED ENTRY--TOPICAL TERM | |
| Topical term or geographic name entry element | Mártires judíos |
| 9 (RLIN) | 36104 |
| 650 14 - SUBJECT ADDED ENTRY--TOPICAL TERM | |
| Topical term or geographic name entry element | Persecusiones de los judíos |
| 9 (RLIN) | 36105 |
| 650 24 - SUBJECT ADDED ENTRY--TOPICAL TERM | |
| Topical term or geographic name entry element | Vida cristiana |
| 9 (RLIN) | 916 |
| 942 ## - ADDED ENTRY ELEMENTS (KOHA) | |
| Source of classification or shelving scheme | Dewey Decimal Classification |
| Koha item type | Books |
| Withdrawn status | Lost status | Source of classification or shelving scheme | Damaged status | Not for loan | Collection code | Home library | Current library | Date acquired | Source of acquisition | Total Checkouts | Full call number | Barcode | Date last seen | Copy number | Price effective from | Koha item type |
|---|---|---|---|---|---|---|---|---|---|---|---|---|---|---|---|---|
| Dewey Decimal Classification | Non-fiction | Biblioteca Pública José María del Castillo y Rada | Biblioteca Pública José María del Castillo y Rada | 10/02/2020 | Donación | 922.4 / W968c | 201810355 | 05/16/2024 | Ej.1 | 03/15/2021 | Books |